Konkurencieschopnosť slovenského vinárskeho priemyslu v európskom hospodárskom priestore s dôrazom na krajiny Vyšehradskej štvorky

Zhodnotenie konkurencieschopnosti slovenského vinárskeho priemyslu v európskom hospodárskom priestore, s osobitným zreteľom na krajiny Vyšehradskej štvorky (V4) a návrh opatrení súvisiacich so zabezpečením zvýšenia konkurencieschopnosti slovenského vinárskeho priemyslu na zahraničnom trhu EÚ.

Guardado en:
Detalles Bibliográficos
Autor principal: Rogovská, Vanda
Formato: Capítulo de libro
Lenguaje:eslovaco
Materias:
Etiquetas: Agregar Etiqueta
Sin Etiquetas, Sea el primero en etiquetar este registro!

MARC

LEADER 00000naa a2200000 4500
001 0249255
005 20220722101954.6
041 0 |a slo 
044 |a SK 
245 1 0 |a Konkurencieschopnosť slovenského vinárskeho priemyslu v európskom hospodárskom priestore s dôrazom na krajiny Vyšehradskej štvorky  |c Vanda Rogovská 
520 |a Zhodnotenie konkurencieschopnosti slovenského vinárskeho priemyslu v európskom hospodárskom priestore, s osobitným zreteľom na krajiny Vyšehradskej štvorky (V4) a návrh opatrení súvisiacich so zabezpečením zvýšenia konkurencieschopnosti slovenského vinárskeho priemyslu na zahraničnom trhu EÚ. 
610 2 0 |a vinohradníctvo 
610 2 0 |a Vyšehradská štvorka 
610 2 0 |a porovnanie medzinárodné 
610 2 0 |a konkurencieschopnosť 
610 2 0 |a kvalita 
610 2 0 |a Slovensko 
100 1 |a Rogovská, Vanda